| Tag |
First Indicator |
Second Indicator |
Subfields |
| LEADER |
00000cam a2200000 a 4500 |
| 001 |
in00000005043 |
| 005 |
20150927110357.0 |
| 008 |
990813s1999 couab b f000 0 eng d |
| 035 |
|
|
|a (OCoLC)42076246
|
| 035 |
|
|
|9 AJJ6353AM
|
| 040 |
|
|
|d GPO
|d DLC
|d MvI
|d UtOrBLW
|
| 043 |
|
|
|a n-us---
|
| 049 |
|
|
|a UDOC
|
| 074 |
|
|
|a 0624-B
|
| 086 |
0 |
|
|a I 19.42/4:99-4007
|
| 100 |
1 |
|
|a Litke, David W.
|
| 245 |
1 |
0 |
|a Review of phosphorus control measures in the United States and their effects on water quality /
|c by David W. Litke.
|
| 264 |
|
1 |
|a Denver, Colo. :
|b U.S. Dept. of the Interior, U.S. Geological Survey ;
|c 1999.
|
| 264 |
|
2 |
|a Denver, CO :
|b Information Services [distributor],
|
| 300 |
|
|
|a vi, 38 pages :
|b illustrations (some color), maps (some color) ;
|c 28 cm.
|
| 336 |
|
|
|a text
|b txt
|2 rdacontent
|
| 337 |
|
|
|a unmediated
|b n
|2 rdamedia
|
| 338 |
|
|
|a volume
|b nc
|2 rdacarrier
|
| 490 |
1 |
|
|a Water-resources investigations report ;
|v 99-4007
|
| 500 |
|
|
|a "National Water-Quality Assessment Program."
|
| 500 |
|
|
|a Shipping list number: 99-0305-P.
|
| 504 |
|
|
|a Includes bibliographical references (pages 32-38).
|
| 650 |
|
0 |
|a Water
|x Pollution
|x Phosphate removal
|z United States.
|
| 650 |
|
0 |
|a Phosphatic fertilizers
|x Environmental aspects
|z United States.
|
| 710 |
2 |
|
|a National Water-Quality Assessment Program (U.S.)
|
| 710 |
2 |
|
|a Geological Survey (U.S.)
|
| 830 |
|
0 |
|a Water-resources investigations report ;
|v 99-4007.
|
| 999 |
|
|
|a MARS
|
| 999 |
f |
f |
|s 91991e41-fa50-352f-b83e-74ac40c5a00b
|i 76a59dab-77a1-3586-8403-586eec4bca58
|t 0
|
| 952 |
f |
f |
|p normal
|a Texas A&M University
|b College Station
|c Sterling C. Evans Library
|d Evans: US Documents (Annex 5th floor)
|t 0
|e I 19.42/4:99-4007
|h Superintendent of Documents classification
|i unmediated -- volume
|m A14824277278
|
| 998 |
f |
f |
|a I 19.42/4:99-4007
|t 0
|l Evans: US Documents (Annex 5th floor)
|